Kompozitné vlákna polypropylén/halloyzit
Guardado en:
| Autor principal: | |
|---|---|
| Otros Autores: | |
| Formato: | Manuscrito Libro |
| Lenguaje: | eslovaco |
| Publicado: |
2016
|
| Materias: | |
| Acceso en línea: | http://is.stuba.sk/zp/portal_zp.pl?podrobnosti=101829 |
| Etiquetas: |
Sin Etiquetas, Sea el primero en etiquetar este registro!
|
MARC
| LEADER | 00000ntm a22000003a 4500 | ||
|---|---|---|---|
| 001 | stuzp57865 | ||
| 003 | SK-STU | ||
| 005 | 20160719155403.7 | ||
| 007 | ta | ||
| 008 | 150427s2015----xo-----f-mn---000-0-slo-d | ||
| 040 | |a STU |b slo | ||
| 041 | 0 | |a slo | |
| 100 | 1 | |a Polák, Šimon |u 049370 |4 aut |U FCHPT Ústav prírodných a syntetických polymérov |T FCHPT Oddelenie plastov, kaučuku a vlákien |X 61275 |U C9370 |Y 128 |7 61275 | |
| 242 | 0 | 1 | |a Composite fibers polypropylene/halloysite |y eng |
| 245 | 1 | 0 | |a Kompozitné vlákna polypropylén/halloyzit |
| 260 | |c 2016 | ||
| 650 | 4 | |a kompozitné vlákna |2 slo | |
| 650 | 4 | |a halloyzit |2 slo | |
| 650 | 4 | |a polypropylénové vlákna |2 slo | |
| 650 | 4 | |a composite fibres |2 eng | |
| 650 | 4 | |a polypropylene fibres |2 eng | |
| 650 | 4 | |a halloysite |2 eng | |
| 700 | 1 | |a Ryba, Jozef |u 049170 |k Z2 |4 ths |U FCHPT Ústav prírodných a syntetických polymérov |T FCHPT Oddelenie spracovania polymérov (detaš.pracovisko) |X 10013 |U C9170 |Y 688 |7 A000010013 | |
| 856 | 4 | |u http://is.stuba.sk/zp/portal_zp.pl?podrobnosti=101829 | |
| SQL | |a stuzp57865 |b DBP |c SLO |d Kompozitné vlákna polypropylén/halloyzit |e 61275 |f Polák, Šimon |g 049370 |h 10013 |i Ryba, Jozef |j 20160711 |k 753 |l 04 |m http://is.stuba.sk/zp/portal_zp.pl?podrobnosti=101829 |n B-CHEMAT |o 4.1.14. chémia, 5.2.18. chemické technológie | ||